Équipes ayant participé à la Coupe du monde masculine de futsal - Statistiques

Statistiques générales
  • Ce quiz a été pris 201 fois
    145 depuis la dernière actualisation
  • Le résultat moyen est 30 sur 54
Statistiques - réponses
# Record Équipe % Correct
1 Demi-finales France
99%
10 Vainqueur Brésil
95%
10 Vainqueur Espagne
93%
6 Finaliste États-Unis
92%
10 Vainqueur Argentine
91%
7 Finaliste Italie
89%
7 Vainqueur Portugal
89%
1 Premier tour Canada
85%
5 Huitièmes de finale Japon
84%
4 Quarts de finale Maroc
83%
7 Premier tour Australie
82%
7 Finaliste Russie
82%
1 Premier tour Algérie
81%
1 Premier tour Mexique
80%
3 Premier tour Chine
78%
2 Demi-finales Colombie
74%
3 Demi-finales Belgique
71%
5 Finaliste Pays-Bas
70%
3 Quarts de finale Uruguay
70%
7 Quarts de finale Égypte
68%
1 Quarts de finale Pologne
66%
2 Huitièmes de finale Serbie
66%
9 Demi-finales Iran
65%
2 Quarts de finale Croatie
64%
2 Quarts de finale Venezuela
63%
1 Premier tour Nouvelle-Zélande
61%
1 Quarts de finale Hongrie
57%
6 Demi-finales Ukraine
55%
6 Premier tour Cuba
52%
1 Premier tour Danemark
52%
8 Quarts de finale Paraguay
51%
4 Quarts de finale Tchéquie
50%
4 Huitièmes de finale Panama
46%
1 Premier tour Arabie saoudite
45%
1 Premier tour Nigeria
43%
7 Huitièmes de finale Thaïlande
43%
4 Demi-finales Kazakhstan
42%
6 Huitièmes de finale Costa Rica
40%
6 Premier tour Guatemala
37%
2 Huitièmes de finale Vietnam
37%
1 Premier tour Lituanie
36%
3 Huitièmes de finale Ouzbékistan
33%
1 Quarts de finale Azerbaïdjan
32%
3 Premier tour Libye
27%
1 Premier tour Malaisie
27%
2 Premier tour Angola
25%
1 Premier tour Taïwan
25%
1 Huitièmes de finale Afghanistan
19%
1 Premier tour Tadjikistan
18%
1 Premier tour Mozambique
17%
1 Premier tour Koweït
15%
4 Premier tour Îles Salomon
9%
1 Premier tour Zimbabwe
9%
1 Premier tour Hong Kong
7%
Aucun quiz correspondant
Distribution des résultats
% des personnes avec chaque résultat
Percentile par nombre de réponses
Votre historique - résultats
Vous n’avez pas pris ce quiz depuis la dernière actualisation